| 000 | 00491nam a22001697a 4500 | ||
|---|---|---|---|
| 005 | 20240821143545.0 | ||
| 008 | 240821b |||||||| |||| 00| 0 eng d | ||
| 020 | _a97811197300440 | ||
| 082 |
_a004.167 _bSPI-I |
||
| 100 | _aSPI-I | ||
| 245 |
_aiPhone for Seniors for Dummies : _b Updated for iPhone 12 and iOS 14 / _cDwight Spivey |
||
| 260 |
_aUSA: _bwiley; _c2021. |
||
| 300 |
_axxii, 450 p. : _bill; _c24 cm. |
||
| 500 | _ainclude index. | ||
| 650 | _aMobile application | ||
| 999 |
_c36444 _d36444 |
||